00513nam a2200169Ia 4500008004100000020003100041040001900072041001200091082002700103100001800130245007900148260003000227300002400257504002000281650002200301850002000323131103s9999 xx 000 0 und d a978 81 8457 074 8cRs.5.50 aLoreto College aEnglish a371.9/PRAbLCBED/14525 aPrakash, Prem aEducation of exceptional childrenb challenges & strategies cPrem Prakash aNew DelhibKanishkac2008 axv,231 p. c 21 cm. aIncludes index aSpecial Education aLCBED/371.9/PRA